000 00308nam a22001217a 4500
008 180607b xxu||||| |||| 00| 0 eng d
041 _aeng
080 _a043.3
100 _a0
101 _aMBE-MA
245 _aNdikimi i Reputacionit te OJQ-ve ne Vendimmarrjen e Donatoreve
_cMaqastena, N
942 _2udc
_cBK
999 _c46572
_d46572